|
|
|
|
| LEADER |
00000nam a22000007a 4500 |
| 005 |
20220822222057.0 |
| 007 |
cr|||| |||| |
| 008 |
220822s2021 pe |||||s|||| 00||0 spa d |
| 020 |
|
|
|a 9786123251918
|
| 035 |
|
|
|a 36918
|
| 040 |
|
|
|a vLex
|
| 090 |
|
|
|c 13774
|d 13774
|
| 100 |
1 |
|
|a Lifante Vidal, Isabel
|
| 245 |
1 |
0 |
|a Contra la corrupcin̤
|h [Recurso electrn̤ico] :
|b Estado de Derecho y transparencia /
|c Isabel Lifante Vidal
|
| 256 |
|
|
|a Servicio en ln̕ea
|
| 260 |
|
|
|a Lima:
|b Palestra Editores,
|c 2021
|
| 300 |
|
|
|a 1 recurso electrn̤ico
|
| 500 |
|
|
|a Este libro se ocupa de algunos de los desafo̕s que afronta el Estado de Derecho, especialmente de aquellos relacionados con la corrupcin̤ o, ms̀ en general, con aquellos comportamientos indebidos por parte de las autoridades pb︢licas en el ejercicio de sus cargos. Con este objetivo, y tras analizar conceptualmente el fenm̤eno de la corrupcin̤, el libro reflexiona, desde una perspectiva fundamentalmente institucional, sobre los mecanismos necesarios para luchar contra este fenm̤eno, prestando especial atencin̤ a aquľlos relacionados con el principio de transparencia, que puede verse como una de las exigencias normativas de un Estado constitucional de Derecho. En sn̕tesis, el objetivo de este estudio es tomar conciencia de los principales instrumentos del razonamiento y de la argumentacin̤ en el campo jurd̕ico para comprenderlos y usarlos mejor.
|
| 506 |
1 |
|
|a Disponible solo en los productos indicados
|d vLex Global
|d vLex Global (Academic Edition, excluding Law Schools)
|d vLex Global (U.S. Academic Edition, Law Schools)
|d vLex Global (U.S. Academic Edition, excluding Law Schools)
|d vLex Global (Academic Edition, Law Schools)
|
| 650 |
0 |
4 |
|a Derecho Militar
|z Per︢
|
| 650 |
0 |
4 |
|a Filosofa̕ y religin̤
|z Per︢
|
| 740 |
0 |
|
|a vLex Libros (Servicio en ln̕ea)
|
| 856 |
4 |
0 |
|u https://app.vlex.com/#/sources/36918
|z Acceso restringido
|
| 942 |
|
|
|c BOOK
|
| 999 |
0 |
|
|a Military Law
|
| 999 |
0 |
|
|a Philosophy and religion
|